Mujeres sabias
Saved in:
| Main Authors: | , |
|---|---|
| Format: | Bog |
| Sprog: | spansk |
| Udgivet: |
Valparaíso
Consejo Nacional de la Cultura y las Artes
2009
|
| Serier: | Patrimonio
|
| Fag: | |
| Tags: |
Tilføj Tag
Ingen Tags, Vær først til at tagge denne postø!
|
MARC
| LEADER | 00000nam a2200000 a 4500 | ||
|---|---|---|---|
| 001 | UCG0811 | ||
| 003 | CL-VaPUC | ||
| 008 | 100408e20090000CL |||||||||||||||||spa|d | ||
| 020 | |a 9789568327422 | ||
| 082 | 0 | 4 | |a 305 |b SAL |2 21 |
| 100 | 0 | |a Salazar Díaz, Cecilia |e author |9 548406 | |
| 700 | 0 | |a Vildósola Basualto, Luis |e author |9 548407 | |
| 245 | 1 | 0 | |a Mujeres sabias |
| 300 | |a 192 p | ||
| 942 | |c BK | ||
| 945 | |d 20100408 00:00:00 |a cmena | ||
| 260 | |a Valparaíso |b Consejo Nacional de la Cultura y las Artes |c 2009 | ||
| 650 | 0 | |a Mujeres |9 257649 | |
| 650 | 0 | |a Mujeres trabajadoras |9 259236 | |
| 650 | 0 | |a Derechos de la mujer |9 257074 | |
| 650 | 0 | |a Discriminación sexual |9 313877 | |
| 650 | 0 | |a Roles de género |9 547000 | |
| 583 | |a last modification |c 20130620 05:04:46 |k Rodrigo Vera | ||
| 490 | 0 | |a Patrimonio | |
| 999 | |c 340334 |d 340332 | ||
| 952 | |0 0 |1 0 |4 0 |6 305_000000000000000_SAL_2009 |7 0 |8 C |9 434943 |a BIBCUR |b BIBCUR |d 2019-11-22 |i 4659732 |o 305 SAL 2009 |p 4659732 |r 2025-04-22 |w 2019-11-22 |y BK |k CAC | ||